| 000 | 01020nam a22002897a 4500 | ||
|---|---|---|---|
| 005 | 20170311110747.0 | ||
| 008 | 150219t2015 enka frbd 001 0 eng d | ||
| 020 | _a9781292002972 | ||
| 040 |
_aEG-ScBUE _beng _cEG-ScBUE |
||
| 043 | _ad------ | ||
| 082 | 0 | 4 |
_a338.90091724 _bTOD _222 |
| 100 | 1 |
_aTodaro, Michael P. _911966 |
|
| 245 | 1 | 0 |
_aEconomic development / _cMichael P. Todaro, Stephen C. Smith. |
| 250 | _a12th ed. | ||
| 260 |
_aHarlow : _bPearson Addison Wesley, _cc.2015. |
||
| 300 |
_axxvii, 860 p. : _bill. ; _c25 cm. |
||
| 490 | 0 | _aThe Pearson series in economics | |
| 500 | _aGlossary : p. 826-838. | ||
| 504 | _aIncludes bibliographical references and indexes. | ||
| 650 | 7 |
_aEconomic development. _2BUEsh _910495 |
|
| 650 | 7 |
_aEconomic policy. _2BUEsh _93322 |
|
| 651 | 7 |
_93693 _aDeveloping countries _xEconomic policy _2BUEsh |
|
| 653 |
_bBUSADM _cFebruary2015 _cSeptember2015 |
||
| 655 |
_vText book _933728 |
||
| 700 | 1 |
_aSmith, Stephen C., _d1955- _911969 |
|
| 942 |
_2ddc _k338.90091724 TOD |
||
| 999 |
_c19010 _d18982 |
||